<?xml version="1.0" encoding="UTF-8"?>
<record
    xmlns:xsi="http://www.w3.org/2001/XMLSchema-instance"
    xsi:schemaLocation="http://www.loc.gov/MARC21/slim http://www.loc.gov/standards/marcxml/schema/MARC21slim.xsd"
    xmlns="http://www.loc.gov/MARC21/slim">

  <leader>00854cam0a220022900 4500</leader>
  <controlfield tag="001">qcf00192015</controlfield>
  <controlfield tag="005">20190823112739.0</controlfield>
  <controlfield tag="008">831115s1952    fr a          000 0 fre d</controlfield>
  <datafield tag="035" ind1=" " ind2=" ">
    <subfield code="a">(Sirsi) r101144</subfield>
  </datafield>
  <datafield tag="035" ind1=" " ind2=" ">
    <subfield code="a">(QCAT)lss03935605</subfield>
  </datafield>
  <datafield tag="035" ind1=" " ind2=" ">
    <subfield code="a">(UPRA)qcf00192015</subfield>
  </datafield>
  <datafield tag="040" ind1=" " ind2=" ">
    <subfield code="d">UPRA</subfield>
  </datafield>
  <datafield tag="100" ind1="1" ind2=" ">
    <subfield code="a">Schweitzer, Albert, 1875-1965.</subfield>
    <subfield code="d">Schweitzer, Albert, 1875-1965.</subfield>
    <subfield code="6">A11184.1</subfield>
  </datafield>
  <datafield tag="245" ind1="1" ind2="0">
    <subfield code="a">A l'oree de la for^et vierge :</subfield>
    <subfield code="b">recits et reflexions d'un medecin en Afrique equatoriale francaise.</subfield>
  </datafield>
  <datafield tag="250" ind1=" " ind2=" ">
    <subfield code="a">Nouv. ed.</subfield>
  </datafield>
  <datafield tag="260" ind1=" " ind2=" ">
    <subfield code="a">Paris :</subfield>
    <subfield code="b">A. Michel,</subfield>
    <subfield code="c">[1952]</subfield>
  </datafield>
  <datafield tag="500" ind1=" " ind2=" ">
    <subfield code="a">Translation of Zwischen Wasser und Urwald.</subfield>
  </datafield>
  <datafield tag="650" ind1=" " ind2="0">
    <subfield code="a">Missions -- Gabon.</subfield>
    <subfield code="z">Missions -- Gabon.</subfield>
    <subfield code="6">S45651.1</subfield>
  </datafield>
  <datafield tag="651" ind1=" " ind2="0">
    <subfield code="a">Gabon -- Description and travel.</subfield>
    <subfield code="x">Gabon -- Description and travel.</subfield>
    <subfield code="6">S40210.1</subfield>
  </datafield>
  <datafield tag="949" ind1=" " ind2=" ">
    <subfield code="a">BV3625</subfield>
    <subfield code="w">lcc</subfield>
    <subfield code="i">-144090</subfield>
    <subfield code="m">MAIN</subfield>
    <subfield code="t">BOOK</subfield>
    <subfield code="l">ON-SHELF</subfield>
  </datafield>
  <controlfield tag="004">101144</controlfield>
  <datafield tag="999" ind1=" " ind2=" ">
    <subfield code="c">153650</subfield>
    <subfield code="d">153650</subfield>
  </datafield>
</record>
